| 000 | 00869cam a22002411a 4500 | ||
|---|---|---|---|
| 003 | OSt | ||
| 005 | 20150408114100.0 | ||
| 008 | 030319s1999 jo a g b 00000 ara c | ||
| 040 |
_aMU _bara _cMB |
||
| 082 | 0 | 4 |
_a005.13 _221 |
| 100 | 1 |
_aمنصور، عوض _94329 |
|
| 245 | 1 | 0 |
_aطرق التحليل العددي المبرمج بلغة بيسك / _cتأليف عوض منصور، عزام صبري. |
| 250 | _aط. 1. | ||
| 260 |
_aعمان، الأردن : _bدار صفاء للنشر والتوزيع، _c1999 |
||
| 300 |
_a189 ص. : _bإيض. ؛ _c24 سم. |
||
| 504 | _aببليوجرافية : ص. 183-184. | ||
| 590 | _aحمد. | ||
| 650 | 7 |
_aبيسك (لغة برمجة) _2aucsh |
|
| 650 | 7 |
_aالبرمجة (حاسبات إلكترونية) _2aucsh |
|
| 650 | 7 |
_aالتحليل العددي _2aucsh |
|
| 700 | 1 | _aصبري، عزام | |
| 942 |
_2ddc _cBOOK |
||
| 999 |
_c26065 _d260565 |
||